01220nam a2200277 a 450000100100000000500170001000800410002704000250006808200210009310000420011424000500015624501300020625000110033626000350034730000210038249000460040350000270044959000760047665000220055265000330057470000340060783000530064191000390069495201920073399900170092500003480920260114102846.0111020s1958 ag 000 0 spa d aDO-SdBNPbspacBNPHU a150bM137p, 19581 aMcdougall, William,d1871-193896032310aPsychology, the study of behaviourlEspañol10aIntroducción a la psicología :bestudio de la conducta /cWilliam Mcdougall ; prólogo y traducción d Horacio Rimoldi. a2a ed. aBuenos Aires :bPaidos,c1958. a216 p. ;c18 cm.1 aBiblioteca del hombre contemporáneov22 aTraducido del inglés aPerteneció a la biblioteca personal de Juan Isidro Jimenes Grullón. 0aPsicología9152 0aConducta (Psicología)96731 aRimoldi, Horacio,etr.960324 0aBiblioteca del hombre contemporáneov22951036 aValidado. Control de calidad BNPHU 001050718MOaGRbGRcHDd2011-10-20iLF1l0o150 M137p, 1958p34809-10r2020-06-25w2020-06-25y1zPerteneció a la biblioteca personal de Juan Isidro Jimenes -GrullónZNo se presta c34300d34300